000 00796nam a22002417a 4500
001 642
005 20230628083248.0
008 230628b cb ||||| |||| 00| 0 eng d
020 _a9781407126517
040 _aFISKH
_beng
_cFISKH
_dFISKH
082 _a597
100 _aThomas, Annie
245 _aSea animals /
_cby Annie Thomas
260 _aNew York :
_bScholastic ;
_c2010.
300 _a8 pages :
_bcolor illustrations;
_c22 ​x​ 28 cm.
505 _aB
520 _aSea animals are any animal that lives in a body of saltwater like a sea or ocean. They are classified based on where in the water they live and how they move.
521 _a80
_bLexile
521 _aB
_bRaz-Plus
650 _2Sea animals
_aOcean
650 _2Sea animals
_aOcean
942 _2ddc
_cBK
_n0
999 _c642
_d642